000 00423nam a2200145Ia 4500
003 OSt
005 20260129152246.0
008 211028s2018 xx 000 0 und d
040 _cAIMIT LIBRARY
041 _aeng
100 _aPrajna P; Fr Balraju S J.
_g1616136
_97891
245 _aStudy on satisfaction level of employees with reference to Campco Puttur /
260 _aMangalore
_bFr Balraju.
_c2018
942 _2ddc
_cPRO
999 _c219459
_d219459